Financial Management of Projects Implemented under the Operational Programme Research and Innovation in 2014-2019

Gespeichert in:
Bibliographische Detailangaben
1. Verfasser: Ručinský, Rastislav
Format: Buchkapitel
Sprache:Englisch
Schlagworte:
Tags: Tag hinzufügen
Keine Tags, Fügen Sie das erste Tag hinzu!

MARC

LEADER 00000naa$a2200000$$$4500
001 0268190
005 20240502074215.8
041 0 |a eng 
044 |a SK 
245 1 0 |a Financial Management of Projects Implemented under the Operational Programme Research and Innovation in 2014-2019  |c Rastislav Ručinský 
500 |a abstrakt 
610 2 0 |a riadenie finančné 
610 2 0 |a projekty 
610 2 0 |a podpora inovácií 
610 2 0 |a podpora vedy a výskumu 
610 2 0 |a fondy Európskej únie 
610 2 0 |a fondy investičné 
610 2 0 |a financovanie 
100 1 |a Ručinský, Rastislav